000 00993nam0a2200265 4500
001 RU\NLR\BIBL_A\022517953
005 20250806203702.0
035 _a(NLR Aleph) 022517953
090 _a88006
_c88006
100 _a20250409d1943 m y0rusy50 ca
101 1 _atuk
_crus
102 _aTM
105 _ay z 000 y
181 0 _ai
_baxxe
182 0 _an
200 1 _aЭкин мейданларыны дөкүнлемек үчин күли көп уланмалы
_eпер. на туркм.
_fЗахарова О.К.
203 _aТекст
_bвизуальный
_cнепосредственный
210 _aАшгабат
_cБирлешен Түркмендөвлетнешир
_d1943
215 _a6, [2] с.
_d14
541 1 _aШироко применяйте золу для удобрения полей
_zrus
700 1 _aЗахарова
_bО.К.
_4070
942 _cBOOK
945 _aРоссийская национальная библиотека
980 _aBV